Favelas de Ro̕ de Janeiro historia y derecho /

Bibliographic Details
Main Author: Soares Gonȧlves, Rafael
Format: eBook
Language:Spanish
Published: Bogot:̀ Pontificia Universidad Javeriana, 2018
Subjects:
Online Access:Acceso restringido

MARC

LEADER 00000nam a22000007a 4500
005 20201211120826.0
007 cr|||| ||||
008 201211s2018 co |||||s|||| 00||0 spa d
020 |a 978-958-781-417-0 
035 |a 32257 
040 |a vLex 
090 |c 10945  |d 10945 
100 1 |a Soares Gonȧlves, Rafael 
245 1 0 |a Favelas de Ro̕ de Janeiro  |h [Recurso electrn̤ico] :  |b historia y derecho /  |c Rafael Soares Gonȧlves 
256 |a Servicio en ln̕ea 
260 |a Bogot:̀  |b Pontificia Universidad Javeriana,  |c 2018 
300 |a 1 recurso electrn̤ico 
500 |a Durante todo el siglo XX Brasil atraves ̤por un proceso acelerado de urbanizacin̤. La fuerte concentracin̤ de tierras en el campo, la extrema mecanizacin̤ de la actividad agraria y la industrializacin̤ acelerada del pas̕ propiciaron el x̌odo rural y la consolidacin̤ de grandes ciudades, como San Pablo y Ro̕ de Janeiro. En esta l︢tima metrp̤olis la dis̀pora rural y el asentamiento urbano estuvieron determinados por la ausencia de una polt̕ica eficaz de vivienda social, lo que propici ̤el establecimiento de las primeras llamadas favelas en los cerros aledaǫs y en los suburbios. Con el tiempo, estos espacios pasaron a albergar a un gran nm︢ero de la poblacin̤ y se convirtieron en una importante referencia urbana en la ciudad. A travš de un abordaje novedoso que combina historia y derecho, Rafael Soares Gonȧlves estudia la favela como una categora̕ jurd̕ica particular y en tanto produccin̤ legal. Se trata de una descripcin̤ de la legislacin̤ a lo largo del tiempo, as ̕como de una reconstitucin̤ crt̕ica de la historia de estos asentamientos, sus simbolismos acumulados, solidificados y porosos, recreados en el espacio fs̕ico y social. Para este autor, las favelas se constituyen en una puerta de entrada privilegiada para iniciar una relectura sociopolt̕ica del derecho, acompaąda de una relectura urbana de la historia. 
506 1 |a Disponible solo en los productos indicados  |d vLex Global  |d vLex Global (Academic Edition, excluding Law Schools)  |d vLex Global (U.S. Academic Edition, Law Schools)  |d vLex Global (U.S. Academic Edition, excluding Law Schools)  |d vLex Global (Academic Edition, Law Schools) 
650 0 4 |a Urbanismo  |z Colombia 
740 0 |a vLex Libros (Servicio en ln̕ea) 
856 4 0 |u http://vlex.com/source/favelas-de-rio-de-janeiro-historia-y-derecho-32257  |z Acceso restringido 
942 |c BOOK 
999 0 |a Town planning